00618ata a2200229 450000500170000000800410001702000150005804100080007308200170008110000350009824500760013326000310020930000180024065000190025865000150027765000160029265000090030865000160031794200120033399900150034595200280036020231010112450.0150518b1989 xxu||||| |||| 00| 0 spa d a9977978360 aESP a306.77 S333f aSchifter Sikora, Jacobo911189 aFormación de una contra cultura : homosexualidad y sida en Costa Rica aCosta RicabGuayacanc1989 a318 páginas aHOMOSEXUALIDAD aCOSTA RICA aPATRIARCADO aSIDA aPSIQUIATRIA cBK2ddc c5613d5613 o306.77 S333fp12109yBK